书目信息 |
| 题名: |
平面设计中的绘画、构成、色彩与空间样式
|
|
| 作者: | 蒂莫西·萨马拉编著 ;刘雪芹 , 韦锦泽 翻译 | |
| 分册: | ||
| 出版信息: | 南宁 广西美术出版社 2014.06 |
|
| 页数: | 224页 : 图(部分彩图) | |
| 开本: | 23cm | |
| 丛书名: | ||
| 单 册: | ||
| 中图分类: | J511 | |
| 科图分类: | ||
| 主题词: | 图案学 | |
| 电子资源: | ||
| ISBN: | 978-7-5494-1061-3 | |
| 000 | 01330nam0 2200253 450 | |
| 001 | 2259521312 | |
| 005 | 20221118164126.09 | |
| 010 | @a978-7-5494-1061-3@dCNY 98.00 | |
| 100 | @a20221118d2014 km y0chiy0120 ea | |
| 101 | 0 | @achi |
| 102 | @aCN@b450000 | |
| 200 | 1 | @a平面设计中的绘画、构成、色彩与空间样式@Aping mian she ji zhong de hui hua、gou cheng、se cai yu kong jian yang shi@d= Drawing for graphic design : understanding conceptual principles and practical techniques to create unique, effective design solutions@f(美) 蒂莫西·萨马拉编著 ; 刘雪芹, 韦锦泽翻译@F(mei)di mo xi·sa ma la bian zhu;liu xue qin,wei jin ze fan yi |
| 210 | @a南宁@c广西美术出版社@d2014.06 | |
| 215 | @a224页 : 图(部分彩图)@d23cm | |
| 300 | @a美国视觉设计学院用书 | |
| 330 | @a本书是设计专业学生及以绘画为创作工具的专业人员的必备教材。 从绘画的各个方面, 如图片、图标、标志、地图、图表、抽象元素、字母设计, 以及拼贴和文字, 所有以上绘画元素都可丰富设计语言。 | |
| 510 | 1 | @a Drawing for graphic design : understanding conceptual principles and practical techniques to create unique, effective design solutions |
| 606 | 0 | @a图案学 |
| 690 | @aJ511@v4 | |
| 701 | 0 | @a蒂莫西·萨马拉编著@Adi mo xi·sa ma la bian zhu |
| 702 | 0 | @4翻译@a刘雪芹@Aliu xue qin |
| 702 | 0 | @4翻译@a韦锦泽@Awei jin ze |
| 801 | 0 | @aCN@c20221118 |
| 905 | @dJ511@eS006 | |
| 平面设计中的绘画、构成、色彩与空间样式= Drawing for graphic design : understanding conceptual principles and practical techniques to create unique, effective design solutions/(美) 蒂莫西·萨马拉编著 ; 刘雪芹, 韦锦泽翻译.-南宁:广西美术出版社,2014.06 |
| 224页 : 图(部分彩图);23cm |
| 美国视觉设计学院用书 |
| ISBN 978-7-5494-1061-3:CNY 98.00 |
| 本书是设计专业学生及以绘画为创作工具的专业人员的必备教材。 从绘画的各个方面, 如图片、图标、标志、地图、图表、抽象元素、字母设计, 以及拼贴和文字, 所有以上绘画元素都可丰富设计语言。 |
| ● |
| 相关链接 |
|
|
|
正题名:平面设计中的绘画、构成、色彩与空间样式
索取号:J511/S006
 
预约/预借
| 序号 | 登录号 | 条形码 | 馆藏地/架位号 | 状态 | 备注 |
| 1 | 145193 | 201451936 | 社科库309/309社科库 86排1列6层/ [索取号:J511/S006] | 在馆 |